Komplexná ošetrovateľská starostlivosť o seniorov recenzovaný zborník prác 5. vedeckej pracovnej schôdze, 19.12.2007 Bratislava

Bibliographic Details
Corporate Author: Univerzita Komenského v Bratislave. Lekárska fakulta. Vedecká pracovná schôdza (Author)
Other Authors: Sysel, Dušan (Editor)
Format: Software eBook
Language:Slovak
PhysicalDescription:1 elektronický optický disk (CD-ROM) tab. 12 cm
Published: Bratislava Univerzita Komenského 2009
ISBN:9788022327701
Edition:1. vyd.
Subjects:

MARC

LEADER 00000nam a2200000 a 4500
001 vtls010122353
003 SK-MaSNL
005 20260301172613.0
007 co bg auuua
008 180801s2009 xo l fs 100 0 slo
015 |a SNBS2012/02-00407 
020 |a 9788022327701  |q (elektronická kniha) 
040 |a SNK  |b slo  |c SNK  |e AACR2 
041 0 |a slo 
044 |a xo  |c SK 
072 7 |a 616  |x Patológia. Klinická medicína  |2 konspekt 
080 |a 616-083  |2 2001 
080 |a 316.346.32-053.9  |2 2001 
080 |a (062.534)  |2 2001 
080 |a (0.034.44)  |2 2001 
110 2 |a Univerzita Komenského v Bratislave.  |b Lekárska fakulta.  |b Vedecká pracovná schôdza  |n (5. :  |d 2007 :  |c Bratislava, Slovensko)  |4 aut  |9 542228 
245 1 0 |a Komplexná ošetrovateľská starostlivosť o seniorov  |h elektronický zdroj  |b recenzovaný zborník prác 5. vedeckej pracovnej schôdze, 19.12.2007 Bratislava  |c editor Dušan Sysel 
250 |a 1. vyd. 
260 |a Bratislava  |b Univerzita Komenského  |c 2009 
300 |a 1 elektronický optický disk (CD-ROM)  |b tab.  |c 12 cm 
500 |a Názov z titulnej obrazovky 
516 |a Textový dokument (zborník), 1 súbor vo formáte doc 
538 |a Technické požiadavky: textový procesor 
650 0 7 |a ošetrovateľská starostlivosť  |2 SNKPH  |9 63308 
650 0 7 |a seniori  |2 SNKPH  |9 117453 
650 0 7 |a Nursing care  |2 SNKPHeng  |9 268413 
650 0 7 |a Older people  |2 SNKPHeng  |9 275779 
655 7 |a elektronické zdroje  |2 SNKPH  |9 90954 
655 7 |a CD-ROM  |2 SNKPH  |9 70236 
655 7 |a zborníky konferencií  |2 SNKPH  |9 70153 
655 7 |a Electronic resources  |2 SNKPHeng  |9 175546 
655 7 |a Proceedings of conferences  |2 SNKPHeng  |9 265791 
700 1 |a Sysel, Dušan  |4 edt  |9 326035 
919 |a 978-80-223-2770-1 
958 |a MI 
999 |c 834036  |d 835966 
952 |a SNK  |b SNK  |y PREZ  |7 0  |p 17A0667496  |o snkSCDM 3008  |i snk2010/17194  |8 0  |0 0  |1 0  |4 0  |d 2010-08-11  |l 0  |r 2026-02-24 03:48:35  |w 2026-02-24